Premier League most assists Quiz Stats

 Plays Quiz not verified by Sporcle

Support Sporcle.
Go Orange.
Score 0/20 Timer 10:00
8 Plays Today
Assists Player % Correct
162 (Man Utd)Ryan Giggs
96.5%
103 (Everton, Man Utd)Wayne Rooney
93.5%
111 (Arsenal, Chelsea)Cesc Fabregas
92.3%
92 (Liverpool)Steven Gerrard
92.1%
102 (West Ham, Chelsea, Man City)Frank Lampard
92%
74 (Arsenal)Thierry Henry
88.9%
85* (Leeds, Newcastle, Aston Villa, Man City, Liverpool)James Milner
86.7%
93 (Man City)David Silva
86.2%
80 (Man Utd)David Beckham
80.1%
94 (Arsenal)Dennis Bergkamp
79.7%
Assists Player % Correct
77* (Chelsea, Man City)Kevin De Bruyne
79.2%
64 (Blackburn, Newcastle)Alan Shearer
77.3%
69 (Watford, Aston Villa, Man Utd)Ashley Young
72.1%
73 (Newcastle, Man Utd, Blackburn, Fulham, Man City, Portsmouth, Sunderland)Andy Cole
70.4%
64 (Southampton)Matt Le Tissier
68.6%
76 (Nottingham Forest, Tottenham, Man Utd, Portsmouth, West Ham)Teddy Sheringham
62.7%
64 (Aston Villa, Man City, Everton, West Brom)Gareth Barry
60.7%
62 (Tottenham)Christian Eriksen
51.5%
68 (Tottenham, Birmingham)Darren Anderton
25.8%
62 (Newcastle, Aston Villa, West Ham)Nolberto Solano
24.9%

You're not logged in!

Compare scores with friends on all Sporcle quizzes.
OR
Log In

From the Vault

What's the Word

by jdfulp

Usually the bird is the word...in this case, not so much.
Remove Ads.
Support Sporcle.
Get the best of Sporcle when you Go Orange. This ad-free experience offers more features, more stats, and more fun while also helping to support Sporcle. Thank you for becoming a member.

Show Comments

Extras

Top Quizzes Today


Score Distribution

Your Account Isn't Verified!

In order to create a playlist on Sporcle, you need to verify the email address you used during registration. Go to your Sporcle Settings to finish the process.

Report this User

Report this user for behavior that violates our Community Guidelines.

Details: